The analogy of religion : natural and revealed, to the constitution and course of nature. To which are added, two brief dissertations: I. Of personal identity. II. Of the nature of virtue· By Joseph Butler, ...

Bibliographic Details
Main Author: Butler, Joseph, 1692-1752
Corporate Author: Gale (Firm)
Format: eBook
Language:English
Published: London : printed for J. Walter, at the Logographic Press, and sold by J. Robson; John, Francis, and Charles Rivington; T. Longman; and W. Richardson, 1785.
Edition:The seventh edition.
Subjects:
Online Access:Connect to the full text of this electronic book

MARC

Tag First Indicator Second Indicator Subfields
LEADER 00000cam a2200000 4500
001 in00003845741
005 20190415182758.0
006 m o d
007 cr |n||||||||n
008 850318s1785 enk|||| o 00||||eng c
035 |a (CU-RivES)N16285 
035 |a (Uk-ES)006006942 
035 |a (OCoLC)645785643 
040 |a CU-RivES  |c CU-RivES  |d CU-RivES  |d CStRLIN  |d CU-RivES  |d Cengage Gale  |d UtOrBLW 
050 4 |a BT1100  |b .B885 1785 
100 1 |a Butler, Joseph,  |d 1692-1752.  |0 http://id.loc.gov/authorities/names/n50032599 
245 1 4 |a The analogy of religion :  |b natural and revealed, to the constitution and course of nature. To which are added, two brief dissertations: I. Of personal identity. II. Of the nature of virtue· By Joseph Butler, ... 
250 |a The seventh edition. 
264 1 |a London :  |b printed for J. Walter, at the Logographic Press, and sold by J. Robson; John, Francis, and Charles Rivington; T. Longman; and W. Richardson,  |c 1785. 
300 |a 1 online resource (4 unnumbered pages, 538 pages)  
336 |a text  |b txt  |2 rdacontent 
337 |a computer  |b c  |2 rdamedia 
338 |a online resource  |b cr  |2 rdacarrier 
510 4 |a English Short Title Catalog,  |c N16285. 
500 |a Reproduction of original from University of Texas. 
500 |a Electronic resource. 
648 7 |a 1701-1800  |2 local 
650 0 |a Analogy (Religion)  |0 http://id.loc.gov/authorities/subjects/sh85004777 
655 7 |a Electronic books.  |2 local 
710 2 |a Gale (Firm)  |0 http://id.loc.gov/authorities/names/no2008071348 
752 |a Great Britain  |b England  |d London. 
856 4 0 |u http://proxy.library.tamu.edu/login?url=http://find.galegroup.com/ecco/infomark.do?contentSet=ECCOArticles&docType=ECCOArticles&bookId=1751700200&type=getFullCitation&tabID=T001&prodId=ECCO&docLevel=TEXT_GRAPHICS&version=1.0&source=library&userGroupName=txshracd2898  |z Connect to the full text of this electronic book  |t 0 
999 f f |s edba5281-448d-3775-af66-7fb42a0746e5  |i 2f6ce9e2-8ff1-33b5-8d55-abdc4b092811  |t 0 
952 f f |a Texas A&M University  |b College Station  |c Electronic Resources  |d Available Online  |t 0  |e BT1100 .B885 1785  |h Library of Congress classification 
998 f f |a BT1100 .B885 1785  |t 0  |l Available Online